Trouve ta famille (click quiz) - Statistiques

Statistiques générales
  • Ce quiz a été pris 74 fois
  • Le résultat moyen est 6 sur 18
Statistiques - réponses
Hint Réponse % Correct
Mère Michel
52%
Fille Aupair
49%
Mamie Nova
49%
Femme Abarbe
41%
Soeur Sourire
39%
Frère Jacques
36%
Papa Noël
36%
Oncle Charlie
34%
Fils Prodigue
33%
Grand-mère Saifairunboncafé
31%
Père Dodu
30%
Papy Mougeot
26%
Garçons Bouchers
23%
Tonton Cristobal
20%
Cousin Machin
20%
Tata Ouine
16%
Tante Autoportante
11%
Cousine Bette
11%
Aucun quiz correspondant
Distribution des résultats
% des personnes avec chaque résultat
Percentile par nombre de réponses
Votre historique - résultats
Vous n’avez pas pris ce quiz